Tractatus de societate universam societatis materiam complectens ideoque omnibus in foro versantibus utilis in primis, ac necessarius : opus in quatuor partes divisum / auctore Caolo Zanchio J. U. D. et in romana curia advocato. Cum indice in suis quibusque capitibus particulari, et generali in calce, rerum, et verborum locupletissimo

Detalles Bibliográficos
Autor principal: Zanchius, Carolus
Formato: Libro
Lenguaje:Latin
Publicado: Romae : apud Antonium Fulgonium, 1786.
Materias:
Colección:Banco de datos
Acervo:Fondo Bibliográfico Antiguo Víctor Manuel Castillo de la Universidad de Ciencias y Artes de Chiapas
Descripción Física:[4] h., 520, III p. ; f°
Tema general:Derecho civil
Notas:Portada tipográfica a dos tintas con pleca y escudo en grabado xilográfico. Texto a dos columnas. Incluye cabecera de título. Incluye capitulares historiadas en grabado xilográfico. Encuadernación en pergamino sobre cartón. Daños de humedad y en la encuadernación, lomo desprendido
LEADER 01334nam a22001930004500
035 |a 974 
041 0 |a lat 
100 1 |a Zanchius, Carolus 
245 1 0 |a Tractatus de societate universam societatis materiam complectens ideoque omnibus in foro versantibus utilis in primis, ac necessarius : opus in quatuor partes divisum / auctore Caolo Zanchio J. U. D. et in romana curia advocato. Cum indice in suis quibusque capitibus particulari, et generali in calce, rerum, et verborum locupletissimo 
260 |a Romae : apud Antonium Fulgonium, 1786. 
300 |a [4] h., 520, III p. ; f°  
500 |a Portada tipográfica a dos tintas con pleca y escudo en grabado xilográfico. Texto a dos columnas. Incluye cabecera de título. Incluye capitulares historiadas en grabado xilográfico. Encuadernación en pergamino sobre cartón. Daños de humedad y en la encuadernación, lomo desprendido  
504 |a Al principio de la obra están Index titulorum, seu capitum, carta al lector y preliminares 
504 |a Al final de la obra están Index generalis rerum, et verborum y suplemento 
650 1 0 |a Derecho civil 
949 |a UNICACH, Colección de Víctor Manuel Castillo: 04356 
942 |c CHIACASTI 
943 |g Fondo Bibliográfico Antiguo Víctor Manuel Castillo de la Universidad de Ciencias y Artes de Chiapas 
999 |c 1099270  |d 1099270